000 01412ngm a22003130a 4500
001 PT16689
003 AR-LpoUNG
005 20210202000225.0
007 vd cvaizq
008 191001s1999||||ag |||||||||||||||||spa d
040 _aAR-LpoUNG
_bspa
_cAR-LpoUNG
_eaacr
041 _aspa
044 _aag
082 0 _a302.33 684nub
100 1 _aSolanas, Fernando E.
_edir.
245 1 3 _aLa nube
260 _aSan Luis :
_bGativideo,
_c1999.
300 _aVHS (113 min.) : son., col.
505 0 _aFotografía: Juan D. Solanas ; música; Gerardo Gandini ; montaje: César D`Angiolillo.
520 _aEs una Buenos Aires plomiza donde llueve incesantemente y donde la vida transcurre normalmente: muchos retroceden y algunos avanzan. El film narra los esfuerzos y desventuras de un grupo de actores que defienden su viejo teatro independiente a punto de ser vendido. Entre la esperanza y la resignación, los personajes resisten con dignidad el retroceso de los tiempos nublados. El espíritu que los sostiene está impregnado de fidelidad a todo aquello que no quieren perder. Títulos de Películas Actores y Directores Títulos de Juegos Búsqueda Avanzada
650 4 _aARGENTINA
650 4 _aTEATRO
651 4 _aArgentina
653 _aCINE ARGENTINO
653 _aSOLANAS, PINO
653 _aVIDEOS
905 _a16689
942 _cVIDEO
999 _c54382
_d54382